| 000 | 00390nam a2200145 i 4500 | ||
|---|---|---|---|
| 001 | bg | ||
| 100 | 1 | _aCUGAEVSKIJ, Ju. V. | |
| 245 | 0 |
_aUravnenija nelinejnych i bystroperemennych volnovych processov / _cJu.V. Cugaevskij. |
|
| 260 |
_aKisinev, _c1972. |
||
| 040 | _cBPK | ||
| 041 | _apol | ||
| 080 | _a533/534:538.6/.8:621.375 | ||
| 942 | _cKS | ||
| 008 | s pl f |000 0 pol | ||
| 999 |
_c14773 _d14773 |
||
| 856 |
_uhttp://koha.tu.koszalin.pl/cgi-bin/koha/opac-detail.pl?biblionumber=14773 _yKatalog online BPK |
||